Les tubes aux hyperfréquences. Triodes et tétrodes. Klystrons. Magnetrons. Tubes à onde progressive. Amplificateurs paramétriques et quantiques (Record no. 13348)
[ view plain ]
| 000 -LEADER | |
|---|---|
| fixed length control field | 00911 a2200313 4500 |
| 035 ## - SYSTEM CONTROL NUMBER | |
| System control number | 3676 |
| 035 ## - SYSTEM CONTROL NUMBER | |
| System control number | 3677 |
| 035 ## - SYSTEM CONTROL NUMBER | |
| System control number | 3678 |
| 035 ## - SYSTEM CONTROL NUMBER | |
| System control number | 7258 |
| 035 ## - SYSTEM CONTROL NUMBER | |
| System control number | 7259 |
| 035 ## - SYSTEM CONTROL NUMBER | |
| System control number | 7260 |
| 035 ## - SYSTEM CONTROL NUMBER | |
| System control number | 7261 |
| 035 ## - SYSTEM CONTROL NUMBER | |
| System control number | 7262 |
| 100 ## - VEDETTE PRINCIPALE - NOM DE PERSONNE | |
| Personal name | VOGE, Jean |
| 130 ## - VEDETTE PRINCIPALE - TITRE UNIFORME | |
| Language of a work | Fr. |
| 260 ## - PUBLICATION, DISTRIBUTION, ETC. (IMPRINT) | |
| Place of publication, distribution, etc | Paris |
| 260 ## - PUBLICATION, DISTRIBUTION, ETC. (IMPRINT) | |
| Name of publisher, distributor, etc | Eyrolles |
| 245 ## - TITLE STATEMENT | |
| Title | Les tubes aux hyperfréquences. Triodes et tétrodes. Klystrons. Magnetrons. Tubes à onde progressive. Amplificateurs paramétriques et quantiques |
| 260 ## - PUBLICATION, DISTRIBUTION, ETC. (IMPRINT) | |
| Date of publication, distribution, etc | 1973 |
| 250 ## - EDITION STATEMENT | |
| Edition statement | 4e éd. nouv. tir. |
| 300 ## - PHYSICAL DESCRIPTION | |
| Extent | 260 p. |
| 300 ## - PHYSICAL DESCRIPTION | |
| Other physical details | fig. ; 25 cm |
| 440 ## - SERIES STATEMENT/ADDED ENTRY--TITLE | |
| Title | (Collection technique et scientifique du C.N.E.T.) |
| 500 ## - GENERAL NOTE | |
| General note | Comprend bibliographie |
| 650 ## - SUBJECT ADDED ENTRY--TOPICAL TERM | |
| Topical term or geographic name as entry element | <Hyperfréquence><Triode et tétrode><Klystrons><Magnetron><Tube à onde progressive><Amplificateur paramétrique et quantique> |
| Withdrawn status | Lost status | Damaged status | Not for loan | Location (home branch) | Sublocation or collection (holding branch) | Date acquired | Source of acquisition | Koha issues (times borrowed) | Koha full call number | Piece designation (barcode) | Koha date last seen | Price effective from | Koha item type |
|---|---|---|---|---|---|---|---|---|---|---|---|---|---|
| Bibliothèque Ecole Polytechnique d'Abomey-Calavi | Bibliothèque Ecole Polytechnique d'Abomey-Calavi | 27/02/2009 | EPAC | 621.3813/V877t | 21846EPAC | 27/02/2009 | 27/02/2009 | Livre |